000 01655nam0a22003131 4500
001 rc\4414682
005 20250612074928.0
021 _aRU
_b[64-104864]
035 _a(NLR Aleph) 008566072
090 _a8495851
_c8495851
100 _a20130416d1964 |||y0rusy50 ca
101 0 _arus
102 _aRU
105 _aa z |||||
200 1 _aИспользование математических методов и вычислительной техники в горном деле
_fГос. ком. по топливной пром-сти при Госплане СССР. Центр науч.-исслед. ин-т информации и техн.-экон. исследований угольной пром-сти
210 _aМосква
_cНедра
_d1964
215 _a43 с.
_cчерт.
_d22
225 1 _aСерия "Технология и экономика подземной добычи угля"
300 _aПеред загл. авт.: проф. д-р тех. наук А.В. Докукин, кандидаты тех. наук Р.В. Орлов, Э.Г. Саратовский
320 _aБиблиогр.: с. 41-42 (28 назв.)
606 _aГорное дело
_xМатематические методы
_2psbo
700 1 _7ca
_8rus
_aДокукин
_bА. В.
_f1909-1984
_gАлександр Викторович
_9188764
_3RU\NLR\AUTH\770188815
701 1 _aОрлов
_bР.В.
_gРоальд Владимирович
701 1 _aСаратовский
_bЭ.Г.
_gЭрлен Григорьевич
801 0 _aRU
_bNLR
_gpsbo
801 1 _aRU
_bELAR
_2rusmarc
852 _aNLR
_j65-6/855
942 _cBOOK
980 _aNB